|
|
|
|
| LEADER |
01590nam a2200313 a 4500 |
| 003 |
BD-DhAAL |
| 005 |
20230709131726.0 |
| 008 |
100131s1993 ii a b 000 0 eng d |
| 040 |
|
|
|a Uk
|c Uk
|d BD-DhAAL
|
| 082 |
0 |
0 |
|a 364.3
|2 19
|
| 100 |
1 |
|
|a Begum, Feroza.
|9 54994
|
| 245 |
0 |
0 |
|a Explaining aggression and violence :
|b a probe into social psychological factors /
|c Feroza Begum and Hamida Akhtar Begum.
|
| 260 |
|
|
|a Dhaka :
|b Socio Vision,
|c 1993.
|
| 300 |
|
|
|a 116 pages :
|b illustrations ;
|c 22 cm.
|
| 500 |
|
|
|a The VII national conference of women's studies.
|
| 500 |
|
|
|a Background volume for the conference
|
| 504 |
|
|
|a Includes Bibliography (p97-112.)
|
| 541 |
1 |
|
|e 00006075
|
| 650 |
|
0 |
|a Aggressivceness
|x Violence
|9 54995
|
| 650 |
|
0 |
|a Violence
|
| 700 |
1 |
|
|a Begum, Hamida Akhtar.
|9 43553
|
| 710 |
2 |
|
|a Socio Vision.
|9 54996
|
| 852 |
4 |
|
|a Ayesha Abed Library
|j General shelf
|
| 942 |
|
|
|2 ddc
|c BK
|
| 999 |
|
|
|c 7273
|d 7273
|
| 952 |
|
|
|0 0
|1 0
|2 ddc
|4 0
|6 364_300000000000000_BEG_1993
|7 0
|9 7635
|a BRACUL
|b BRACUL
|c GEN
|d 2010-01-31
|l 0
|o 364.3 BEG
|p 3010006075
|r 2010-01-31
|t 1
|w 2010-01-31
|y BK
|
| 952 |
|
|
|0 0
|1 0
|2 ddc
|4 0
|6 364_300000000000000_BEG_1993
|7 0
|9 7636
|a BRACUL
|b BRACUL
|c GEN
|d 2010-01-31
|l 0
|o 364.3 BEG
|p 3010007502
|r 2010-01-31
|t 2
|w 2010-01-31
|y BK
|
| 952 |
|
|
|0 0
|1 0
|2 ddc
|4 0
|6 364_300000000000000_BEG_1993
|7 0
|9 7637
|a BRACUL
|b BRACUL
|c GEN
|d 2010-01-31
|l 0
|o 364.3 BEG
|p 3010006236
|r 2010-01-31
|t 3
|w 2010-01-31
|y BK
|
| 952 |
|
|
|0 0
|1 0
|2 ddc
|4 0
|6 364_300000000000000_BEG
|7 0
|9 23714
|a BIGD
|b BIGD
|c GEN
|d 2023-07-09
|e Women for Women
|g 70.00
|l 0
|o 364.3 BEG
|p 3050027769
|r 2014-04-15
|t 4
|w 2013-11-21
|y BK
|x Transferred from BDI to BIGD.
|